| 000 | 00633nam a2200205 a 4500 | ||
|---|---|---|---|
| 001 | 5993 | ||
| 003 | CDMR | ||
| 005 | 20131030173408.0 | ||
| 008 | 130220s2004||||||||||||||||||||||||||||d | ||
| 020 | _a8478711449 | ||
| 040 |
_aCDMR _bcat _cCDMR |
||
| 100 | 1 |
_aPolitkovskaya, Anna _92630 |
|
| 245 | 1 | 3 |
_aLa deshonra rusa _cAnna Politkovskaya ; traducción de Catalina Martínez |
| 260 |
_aBarcelona _bRBA _c2004 |
||
| 300 |
_a218 p ; _c17 cm |
||
| 650 | 0 | 4 |
_94231 _aRússia (Federació) _xPolítica i govern |
| 650 | 0 | 4 |
_94230 _aRússia (Federació) _xHistòria |
| 650 | 0 | 4 |
_93678 _aCorresponsals de guerra _vRelats personals |
| 942 |
_cMON _2udc |
||
| 999 |
_c5993 _d5993 |
||